000 00572nam a22001817a 4500
999 _c109603
_d109603
010 _aA-374842
020 _c20.00
035 _aA-374842
037 _bBPPD
082 _a840
100 _aابو الليث صدّيقي
245 _aآج کا اردو ادب /
_bابو الایث صدیقی
246 _aAaj Ka Urdu Adab /
_bby Abuwails Siddiqi
260 _aعلی گڑھ
_bا يجو کشنل بک ہاؤس
_c1986 ء
270 _aمسلم ينی ور سٹي مارکیٹ
_bعلیگڑھ
_e202001
300 _a328ص
_c19cm(Hb)
942 _2ddc
_cUR
_k840
_mص د ی